000 01208cam a2200349 4500
008 090401t1997 xxu||||| |||| 00| 0 eng d
020 _a0727725955
035 _a(Sirsi) u77353
041 _aeng
050 _a333.73
245 _aContaminated land and its reclamation.
260 _aLondon
_bThomas Telford
_c1997
300 _axv,145p. : ill. ; 25cm.
350 _a25
520 _aOriginally published by the Royal Society of Chemistry 1997, the book deals with recent legal, technical and professional developments and relates them the risk assesment methods. It also reviews the role of environmental consultants, remediation methods used and the legal liabilities and insurance aspects of land contamination.
650 _aCADMIUM
650 _aCOAL MINING
650 _aCONTAMINATED LAND
650 _aENVIRONMENTAL CONSULTANTS
650 _aInsurance
_96249
650 _aLAND RECLAMATION
650 _aLEAD
650 _aLEGISLATION
650 _aLIABILITY
650 _aRISK ASSESSMENT
650 _aZINC
690 _aENVIRONMENTAL AND LAND CONSULTANCY
700 _aHester, R.E.
_xEditor
700 _aHarrison, R.M.
_xEditor
942 _n0
948 _c25/03/1997
999 _c96298
_d96298